• 首页
  • 本馆介绍
  • 公告通知
  • 最新文献
  • 馆藏检索
  • 电子资源
  • 读者导购
  • 参考咨询
  • 我的图书馆
  • 登录
  • 详细信息显示
  • 放入我的书架
  • 预约/预借图书
  • 作者相关作品
  • 分类相关作品
  • 丛书相关作品
  • 出版社相关作品

书目信息

  • 表格格式
  • 工作单格式
  • 卡片格式
题名:
幽默人生100
    
 
作者: 文龙 编
分册:  
出版信息: 广州   广东旅游出版社  1997
页数: 201页
开本: 19cm
丛书名:
单 册:
中图分类: I267 , B825
科图分类:
主题词: 随笔--中国--现代--选集 , 伦理学
电子资源:
ISBN: 7-80521-780-7
000 00593nam0 2200229 45
001 0962249770
005 20090928171836.04
010    @a7-80521-780-7@dCNY11.50
100    @a19971023d1997 em y0chiy0121 ea
101 0  @achi
102    @aCN@b440000
105    @af z 000cy
200 10 @a幽默人生100@Ayou mo ren sheng 100@f文龙编
210    @a广州@c广东旅游出版社@d1997
215    @a201页@c插图@d19cm
606 0  @a随笔@y中国@z现代@x选集
606 0  @a伦理学
690    @aI267@v3
690    @aB825@v4
701  0 @a文龙@Awen long@4编
801  0 @aCN@bTSSF@c19971105
905    @a10447@dB825@eJY24
    
    幽默人生100/文龙编.-广州:广东旅游出版社,1997
    201页:插图;19cm
    
    
    ISBN 7-80521-780-7:CNY11.50
    
●
相关链接 在E读中查询图书 在五车中查询图书 在当当中查询图书 在豆瓣中查询图书


正题名:幽默人生100     索取号:B825/JY24         预约/预借

序号 登录号 条形码 馆藏地/架位号 状态 备注
1 7804876   278048765   学院路分馆/ [索取号:B825/JY24] 在馆    
2 7804877   278048774   学院路分馆/ [索取号:B825/JY24] 在馆    
3 7804878   278048783   学院路分馆/ [索取号:B825/JY24] 在馆    
4 7804997   278049979   学院路分馆/ [索取号:B825/JY24] 在馆    
5 7804998   278049988   学院路分馆/ [索取号:B825/JY24] 在馆    
唐山师范学院图书馆 欢迎您!
大连网信软件有限公司© 版权所有